[Event "Belgrade Gligoric 100 Ann op"]
[Site "Belgrade"]
[Date "2023.02.05"]
[Round "4"]
[White "Djukic, Nikola"]
[Black "Sarenac, David"]
[Result "1-0"]
[WhiteElo "2514"]
[BlackElo "2297"]
[PlyCount "41"]
[EventDate "2023.02.05"]
[EventType "swiss (blitz)"]
[EventRounds "11"]
[EventCountry "SRB"]
[SourceTitle "EXT 2024"]
[Source "ChessBase"]
[SourceDate "2023.10.10"]
[SourceVersion "1"]
[SourceVersionDate "2023.10.10"]
[SourceQuality "1"]

1. e4 c5 2. Nf3 d6 3. d4 cxd4 4. Nxd4 Nf6 5. Nc3 a6 6. h3 e6 7. g4 b5 8. g5 b4 9. gxf6 bxc3 10. fxg7 Bxg7 11. bxc3 Qc7 12. Qd3 Nd7 13. Bg2 Bb7 14. Rb1 Rg8 15. Rg1 Ne5 16. Qe3 Rc8 17. Rb3 Ba8 18. Bf1 Qa5 19. Ra3 Qb6 20. Bxa6 Nc4 21. Bxc4 1-0

[Event "Belgrade Gligoric 100 Ann op"]
[Site "Belgrade"]
[Date "2023.02.05"]
[Round "10"]
[White "Sarenac, David"]
[Black "Ilincic, Aleksa"]
[Result "1-0"]
[WhiteElo "2297"]
[BlackElo "2239"]
[PlyCount "75"]
[EventDate "2023.02.05"]
[EventType "swiss (blitz)"]
[EventRounds "11"]
[EventCountry "SRB"]
[SourceTitle "EXT 2024"]
[Source "ChessBase"]
[SourceDate "2023.10.10"]
[SourceVersion "1"]
[SourceVersionDate "2023.10.10"]
[SourceQuality "1"]

1. e4 c6 2. Nc3 d5 3. Nf3 Bg4 4. h3 Bxf3 5. Qxf3 e6 6. d3 Nd7 7. g4 Bd6 8. Bg2 d4 9. Nb1 Ne5 10. Qd1 g5 11. Nd2 Ne7 12. h4 N7g6 13. hxg5 Nf4 14. Bf3 Qxg5 15. Nc4 Nxc4 16. dxc4 Bb4+ 17. Kf1 0-0-0 18. Rh5 Qf6 19. e5 Qg6 20. Bxf4 d3 21. cxd3 Rxd3 22. Qe2 Rhd8 23. Be4 Rd1+ 24. Rxd1 Rxd1+ 25. Qxd1 Qxe4 26. Qc1 Qd3+ 27. Kg2 Qe4+ 28. Kg3 Qd3+ 29. Qe3 Qf1 30. Rh2 Be1 31. Qf3 Qxc4 32. Rh1 Bb4 33. a3 Bc5 34. Rxh7 b5 35. Be3 Be7 36. Qxf7 Qf1 37. Qe8+ Kb7 38. Rxe7+ 1-0

[Event "Belgrade Gligoric 100 Ann op"]
[Site "Belgrade"]
[Date "2023.02.05"]
[Round "2"]
[White "Sarenac, David"]
[Black "Predke, Alexandr"]
[Result "0-1"]
[WhiteElo "2297"]
[BlackElo "2684"]
[PlyCount "124"]
[EventDate "2023.02.05"]
[EventType "swiss (blitz)"]
[EventRounds "11"]
[EventCountry "SRB"]
[SourceTitle "EXT 2024"]
[Source "ChessBase"]
[SourceDate "2023.10.10"]
[SourceVersion "1"]
[SourceVersionDate "2023.10.10"]
[SourceQuality "1"]

1. e4 c5 2. Nf3 e6 3. d4 cxd4 4. Nxd4 a6 5. Bd3 Bc5 6. Nb3 Ba7 7. Qg4 Nf6 8. Qg3 d6 9. 0-0 Nc6 10. Nc3 b5 11. Kh1 h5 12. Bg5 h4 13. Bxh4 Ne5 14. Be2 b4 15. Bxf6 Qxf6 16. Nd1 Bb7 17. f4 Ng6 18. Bd3 Bb6 19. Ne3 Qh4 20. Qxh4 Rxh4 21. Nc4 Bc7 22. g3 Rh5 23. Kg1 a5 24. a4 d5 25. Ncd2 Bb6+ 26. Kg2 0-0-0 27. Rac1 Rdh8 28. h4 Be3 29. Rce1 Bb6 30. Nf3 Ne7 31. Ng5 Rf8 32. Be2 Rhh8 33. Bf3 Kd7 34. exd5 Nxd5 35. Kh3 Rh6 36. Re2 Ba6 37. Rd1 Bxe2 38. Bxe2 Ke7 39. Bf3 Rd8 40. Re1 Rhh8 41. f5 Nc7 42. fxe6 Nxe6 43. Bg4 Rd6 44. Re5 Rf8 45. Rb5 Nxg5+ 46. Rxg5 g6 47. Re5+ Kf6 48. Re4 Kg7 49. Rc4 Re8 50. Rf4 Re3 51. Bf3 Rf6 52. Rxf6 Kxf6 53. Kg2 Ke5 54. Nd2 Kd4 55. Nb3+ Kc4 56. Nd2+ Kc5 57. b3 Re7 58. Nc4 Bc7 59. Kf2 f5 60. g4 fxg4 61. Bxg4 Re4 62. Kf3 Rf4+ 0-1

[Event "Belgrade Gligoric 100 Ann op"]
[Site "Belgrade"]
[Date "2023.02.05"]
[Round "5"]
[White "Sarenac, David"]
[Black "Sekulic, Dusan"]
[Result "0-1"]
[WhiteElo "2297"]
[BlackElo "2168"]
[PlyCount "47"]
[EventDate "2023.02.05"]
[EventType "swiss (blitz)"]
[EventRounds "11"]
[EventCountry "SRB"]
[SourceTitle "EXT 2024"]
[Source "ChessBase"]
[SourceDate "2023.10.10"]
[SourceVersion "1"]
[SourceVersionDate "2023.10.10"]
[SourceQuality "1"]

1. d4 Nf6 2. Nc3 d5 3. Bf4 c5 4. e3 a6 5. dxc5 Nc6 6. a3 e5 7. Bg5 d4 8. exd4 exd4 9. Qe2+ Be6 10. Ne4 Be7 11. Nxf6+ Bxf6 12. Bxf6 Qxf6 13. Nf3 0-0 14. 0-0-0 Rfe8 15. Qd2 Rad8 16. Bd3 Bg4 17. Be2 Bf5 18. Rhe1 h6 19. Bc4 Bg4 20. Be2 Rd5 21. h3 Bxf3 22. Bxf3 Rxe1 23. Rxe1 Rxc5 24. Re8+ 0-1

[Event "Belgrade Gligoric 100 Ann op"]
[Site "Belgrade"]
[Date "2023.02.05"]
[Round "11"]
[White "Vukovic, Dusan M"]
[Black "Sarenac, David"]
[Result "0-1"]
[WhiteElo "2101"]
[BlackElo "2297"]
[PlyCount "73"]
[EventDate "2023.02.05"]
[EventType "swiss (blitz)"]
[EventRounds "11"]
[EventCountry "SRB"]
[SourceTitle "EXT 2024"]
[Source "ChessBase"]
[SourceDate "2023.10.10"]
[SourceVersion "1"]
[SourceVersionDate "2023.10.10"]
[SourceQuality "1"]

1. Nf3 g6 2. d4 Bg7 3. g3 Nf6 4. Bg2 0-0 5. 0-0 d5 6. c4 dxc4 7. Na3 Nc6 8. Nxc4 Be6 9. b3 a5 10. Nce5 Bd5 11. Bb2 a4 12. bxa4 Ra6 13. Nd3 b6 14. Rc1 Qa8 15. Rxc6 Bxc6 16. Nb4 Bxa4 17. Qc1 Ra7 18. Ne5 Qe8 19. Nbc6 Bxc6 20. Bxc6 Qd8 21. Bb5 Rxa2 22. Qb1 Ra8 23. Nc6 Qd6 24. e4 Qe6 25. Re1 Qb3 26. Nxe7+ Kh8 27. Bc6 Ra2 28. Re2 Qc4 29. Rc2 Qd3 30. e5 Ng4 31. h3 Nh6 32. Nd5 Ra7 33. Nf4 Qb3 34. Rc3 Qa2 35. Qc1 Nf5 36. Be4 Nxd4 37. Rd3 0-1

[Event "SRB-ch Blitz"]
[Site "Paracin"]
[Date "2022.06.05"]
[Round "12"]
[White "Damjanovic, Vuk"]
[Black "Sarenac, David"]
[Result "1-0"]
[WhiteElo "2393"]
[BlackElo "2297"]
[PlyCount "119"]
[EventDate "2022.06.05"]
[EventType "swiss (blitz)"]
[EventRounds "13"]
[EventCountry "SRB"]
[SourceTitle "CBM 208 Extra"]
[Source "ChessBase"]
[SourceDate "2022.07.31"]
[SourceVersion "1"]
[SourceVersionDate "2022.07.31"]
[SourceQuality "1"]

1. d4 d5 2. Nc3 Nf6 3. Bf4 e6 4. Nb5 Na6 5. e3 c6 6. Nc3 Nb8 7. Nf3 Bb4 8. Bd3 0-0 9. 0-0 Qe7 10. Ne5 Nfd7 11. e4 Nxe5 12. Bxe5 Nd7 13. Bg3 Bd6 14. e5 Bc7 15. Ne2 c5 16. c3 f6 17. f4 cxd4 18. exf6 Nxf6 19. Nxd4 e5 20. fxe5 Bxe5 21. Bxe5 Qxe5 22. Qe1 Qd6 23. Qh4 h6 24. Rf3 Bd7 25. Raf1 Rae8 26. Qf4 Qb6 27. Qd2 Ne4 28. Rxf8+ Rxf8 29. Rxf8+ Kxf8 30. Qe2 Nf6 31. h3 Be8 32. Kh2 Qd6+ 33. g3 Bd7 34. Kg2 h5 35. Qe3 Kf7 36. Nf5 Bxf5 37. Bxf5 a6 38. a3 Qe7 39. Bg6+ Kf8 40. Qxe7+ Kxe7 41. Kf3 Ke6 42. Kf4 a5 43. Kg5 Ke5 44. Bxh5 Ne4+ 45. Kg6 Nxg3 46. Bg4 d4 47. cxd4+ Kxd4 48. Kxg7 Kc4 49. Be6+ Kd3 50. a4 Kc2 51. b3 Kc3 52. h4 Nh5+ 53. Kg6 Nf4+ 54. Kf5 Nh5 55. Bc4 Kb4 56. Kg5 Ng3 57. h5 Ne4+ 58. Kg6 Nc5 59. h6 Nd7 60. Kg7 1-0

[Event "Belgrade Serbia op"]
[Site "Belgrade"]
[Date "2021.07.08"]
[Round "9"]
[White "Trost, Edvin"]
[Black "Sarenac, David"]
[Result "1/2-1/2"]
[WhiteElo "2184"]
[BlackElo "2289"]
[PlyCount "91"]
[EventDate "2021.07.02"]
[EventType "swiss"]
[EventRounds "9"]
[EventCountry "SRB"]
[SourceTitle "EXT 2022"]
[Source "ChessBase"]
[SourceDate "2021.10.06"]
[SourceVersion "1"]
[SourceVersionDate "2021.10.06"]
[SourceQuality "1"]

1. d4 Nf6 2. Nf3 g6 3. c4 Bg7 4. g3 0-0 5. Bg2 d5 6. cxd5 Nxd5 7. 0-0 Nb6 8. Nc3 Nc6 9. e3 Re8 10. h3 a5 11. d5 Nb4 12. e4 c6 13. a3 Na6 14. Be3 Nc4 15. Bd4 e5 16. dxe6 Bxe6 17. Bxg7 Kxg7 18. Qe2 b5 19. Rad1 Qe7 20. Nd4 Bd7 21. a4 Qb4 22. Ndxb5 Rad8 23. Nd6 Nxd6 24. Qxa6 Nc4 25. Rd4 Be6 26. Nd5 cxd5 27. exd5 Bc8 28. Qxc4 Qxc4 29. Rxc4 Ba6 30. Rc5 Bxf1 31. Bxf1 Re1 32. Rxa5 Rb8 33. Rb5 Rxb5 34. axb5 Rd1 35. Kg2 Rxd5 36. Bc4 Rd6 37. Kf3 f5 38. h4 Kf6 39. b3 h6 40. Ke3 g5 41. hxg5+ hxg5 42. Bd3 g4 43. Be2 Ke5 44. Bd3 Re6 45. Bc4 Rd6 46. Bd3 1/2-1/2

[Event "Belgrade Serbia op"]
[Site "Belgrade"]
[Date "2021.07.04"]
[Round "4"]
[White "Sarenac, David"]
[Black "Perunovic, Miodrag"]
[Result "1-0"]
[WhiteElo "2289"]
[BlackElo "2425"]
[PlyCount "95"]
[EventDate "2021.07.02"]
[EventType "swiss"]
[EventRounds "9"]
[EventCountry "SRB"]
[SourceTitle "CBM 203 Extra"]
[Source "ChessBase"]
[SourceDate "2021.09.30"]
[SourceVersion "1"]
[SourceVersionDate "2021.09.30"]
[SourceQuality "1"]

1. e4 c5 2. Nf3 d6 3. d4 cxd4 4. Nxd4 Nf6 5. Nc3 Nc6 6. Bg5 g6 7. Bxf6 exf6 8. Bb5 Bd7 9. Qd2 Bg7 10. 0-0-0 0-0 11. Nb3 a6 12. Bxc6 Bxc6 13. Qxd6 f5 14. Qxd8 Raxd8 15. Rxd8 Rxd8 16. exf5 Bxg2 17. Rg1 Bf3 18. fxg6 hxg6 19. Rg3 Bh6+ 20. Kb1 Re8 21. a4 Re1+ 22. Ka2 Bh1 23. Nc5 Bf4 24. Rh3 Rf1 25. N3e4 f5 26. Nf6+ Kf7 27. Nfd7 Ke7 28. Rh7+ Kd6 29. Nd3 Bd5+ 30. b3 Bd2 31. Kb2 b5 32. axb5 axb5 33. b4 Be4 34. N7c5 Bc6 35. h4 Rh1 36. Rg7 Be8 37. Nb7+ Ke6 38. Nbc5+ Kf6 39. Rh7 Bc6 40. Nb3 Bh6 41. Rxh6 Kg7 42. Rxg6+ Kxg6 43. Ne5+ Kf6 44. Nxc6 Rxh4 45. Nbd4 Rh2 46. f3 Rf2 47. Kb3 Kg5 48. Na7 1-0

[Event "Belgrade Serbia op"]
[Site "Belgrade"]
[Date "2021.07.03"]
[Round "3"]
[White "Nikolovski, Nikola"]
[Black "Sarenac, David"]
[Result "0-1"]
[WhiteElo "2438"]
[BlackElo "2289"]
[PlyCount "96"]
[EventDate "2021.07.02"]
[EventType "swiss"]
[EventRounds "9"]
[EventCountry "SRB"]
[SourceTitle "CBM 203 Extra"]
[Source "ChessBase"]
[SourceDate "2021.09.30"]
[SourceVersion "1"]
[SourceVersionDate "2021.09.30"]
[SourceQuality "1"]

1. e4 c5 2. Nc3 d6 3. f4 Nf6 4. Nf3 Nc6 5. Bb5 Bd7 6. 0-0 e6 7. d3 Be7 8. Bxc6 Bxc6 9. Qe1 0-0 10. h3 b5 11. a4 b4 12. Nd1 d5 13. e5 Nd7 14. Nf2 d4 15. Nd2 Nb6 16. b3 Nd5 17. Nde4 Qd7 18. Ng4 Kh8 19. Bd2 Rg8 20. Qf2 f5 21. exf6 gxf6 22. Nh6 Rg7 23. f5 e5 24. Rae1 Nc3 25. Bxc3 bxc3 26. Qe2 Bd5 27. Kh2 Qc6 28. Qf3 a5 29. Re2 Ra6 30. Rfe1 Qa8 31. Qh5 Qf8 32. Rf2 Rb6 33. h4 Bc6 34. Qe2 Bd8 35. Kh3 Rd7 36. Ng4 h5 37. Nh2 Rh7 38. Rg1 Rbb7 39. g4 hxg4+ 40. Nxg4 Rbg7 41. Rg3 Rxh4+ 42. Kg2 Qg8 43. Kf1 Bxe4 44. Rh2 Qh7 45. Qxe4 Rxh2 46. Qa8 Rh1+ 47. Ke2 Rg8 48. Nf2 Qh5+ 0-1

[Event "Belgrade Vucicevic Memorial"]
[Site "Belgrade"]
[Date "2019.12.22"]
[Round "6"]
[White "Damljanovic, Branko"]
[Black "Sarenac, David"]
[Result "0-1"]
[WhiteElo "2484"]
[BlackElo "2289"]
[PlyCount "176"]
[EventDate "2019.12.22"]
[EventType "swiss (blitz)"]
[EventRounds "13"]
[EventCountry "SRB"]
[SourceTitle "CBM 194 Extra"]
[Source "ChessBase"]
[SourceDate "2020.03.31"]
[SourceVersion "1"]
[SourceVersionDate "2020.03.31"]
[SourceQuality "1"]

1. c4 e5 2. g3 Nf6 3. Bg2 c6 4. d4 exd4 5. Qxd4 d5 6. Nf3 Be6 7. cxd5 cxd5 8. 0-0 Nc6 9. Qa4 a6 10. Nc3 Bc5 11. Bg5 h6 12. Bxf6 Qxf6 13. Rad1 Rd8 14. Ne1 0-0 15. Nd3 Bd4 16. Qb3 b5 17. Nf4 Na5 18. Qc2 Rc8 19. Qd2 Bxc3 20. bxc3 Qxc3 21. Nxd5 Qxd2 22. Rxd2 Rc4 23. Rfd1 Ra4 24. Nc3 Ra3 25. Nd5 Nc4 26. Rc2 Kh8 27. Nc7 Bf5 28. e4 Bg4 29. Rd4 Rc8 30. Nd5 Be6 31. h4 a5 32. Nf4 Bg4 33. e5 Bf3 34. Bxf3 Rxf3 35. Rd5 b4 36. Rxa5 Nxa5 37. Rxc8+ Kh7 38. Rc7 Ra3 39. Rxf7 Rxa2 40. e6 b3 41. Nd3 b2 42. Nxb2 Rxb2 43. Ra7 Nc6 44. Rc7 Nd4 45. e7 Re2 46. Kf1 Re6 47. g4 h5 48. gxh5 Nf5 49. f4 Nxh4 50. Kf2 Nf5 51. Kf3 Nxe7 52. Kg4 Nd5 53. Rc5 Nf6+ 54. Kf3 Re1 55. Kf2 Rh1 56. Kf3 Nxh5 57. Kg2 Rh4 58. f5 Nf6 59. Kf3 Ra4 60. Rb5 Kh6 61. Kg2 Rf4 62. Kg3 Kg5 63. Rb7 Nh5+ 64. Kh3 Rxf5 65. Rb3 Nf4+ 66. Kg3 Ng6 67. Ra3 Ne5 68. Rb3 g6 69. Ra3 Rf4 70. Rb3 Rg4+ 71. Kh3 Rf4 72. Kg3 Rf5 73. Ra3 Nd7 74. Rb3 Nf6 75. Rb4 Nh5+ 76. Kh3 Rd5 77. Rg4+ Kf5 78. Ra4 Rd3+ 79. Kg2 Nf4+ 80. Kf2 g5 81. Rb4 Kg4 82. Ra4 Rd2+ 83. Ke3 Re2+ 84. Kd4 Re8 85. Ra1 Kh4 86. Rh1+ Nh3 87. Kd3 g4 88. Kd2 g3 0-1

[Event "Belgrade Vucicevic Memorial"]
[Site "Belgrade"]
[Date "2019.12.22"]
[Round "4"]
[White "Kovacevic, Aleksandar"]
[Black "Sarenac, David"]
[Result "1-0"]
[WhiteElo "2478"]
[BlackElo "2289"]
[PlyCount "65"]
[EventDate "2019.12.22"]
[EventType "swiss (blitz)"]
[EventRounds "13"]
[EventCountry "SRB"]
[SourceTitle "CBM 194 Extra"]
[Source "ChessBase"]
[SourceDate "2020.03.31"]
[SourceVersion "1"]
[SourceVersionDate "2020.03.31"]
[SourceQuality "1"]

1. e4 c5 2. Nf3 d6 3. Bb5+ Nd7 4. 0-0 Ngf6 5. Re1 a6 6. Bd3 e6 7. c3 Be7 8. Bc2 0-0 9. d4 b5 10. Nbd2 Bb7 11. Nf1 Rc8 12. Ng3 Qc7 13. Bd3 Rfe8 14. Qe2 cxd4 15. cxd4 e5 16. Nf5 Bf8 17. d5 Bxd5 18. exd5 e4 19. Bxe4 Rxe4 20. Be3 Nxd5 21. Qd3 N7f6 22. Bd4 Qc4 23. Qd2 Qc2 24. Qg5 Rxe1+ 25. Rxe1 Qc7 26. N3h4 Kh8 27. Nxg7 Bxg7 28. Nf5 Rg8 29. Nxg7 Qd8 30. Qxd5 Nxd5 31. Ne6+ f6 32. Nxd8 Rxd8 33. Ra1 1-0

[Event "Belgrade Vucicevic Memorial"]
[Site "Belgrade"]
[Date "2019.12.22"]
[Round "3"]
[White "Sarenac, David"]
[Black "Popovic, Dusan"]
[Result "1-0"]
[WhiteElo "2289"]
[BlackElo "2488"]
[PlyCount "71"]
[EventDate "2019.12.22"]
[EventType "swiss (blitz)"]
[EventRounds "13"]
[EventCountry "SRB"]
[SourceTitle "CBM 194 Extra"]
[Source "ChessBase"]
[SourceDate "2020.03.31"]
[SourceVersion "1"]
[SourceVersionDate "2020.03.31"]
[SourceQuality "1"]

1. e4 g6 2. d4 Bg7 3. Nc3 d6 4. Bg5 Nc6 5. d5 Ne5 6. Qd2 c6 7. 0-0-0 Qa5 8. Kb1 Nf6 9. f4 Ned7 10. Nf3 cxd5 11. e5 dxe5 12. fxe5 Ng4 13. Nxd5 Qxd2 14. Rxd2 Rb8 15. Bxe7 b5 16. Bd6 Rb7 17. Bxb5 Nh6 18. Ba6 Nf5 19. Bxb7 Bxb7 20. Re1 Kd8 21. Nf6 Bxf6 22. exf6 Kc8 23. Ng5 Nxf6 24. Be5 Re8 25. Nxf7 Ne4 26. Rde2 Nc5 27. Nd6+ Nxd6 28. Bxd6 Ne4 29. Bf4 a5 30. c4 Bc6 31. Kc2 a4 32. b3 Kb7 33. Be3 axb3+ 34. axb3 Ra8 35. Bd4 Re8 36. Kd3 1-0

[Event "SRB-chT"]
[Site "Subotica"]
[Date "2019.08.24"]
[Round "3.2"]
[White "Stojanovic, Mihajlo"]
[Black "Sarenac, David"]
[Result "1-0"]
[WhiteElo "2475"]
[BlackElo "2326"]
[PlyCount "51"]
[EventDate "2019.08.22"]
[EventType "team-tourn"]
[EventRounds "11"]
[EventCountry "SRB"]
[SourceTitle "EXT 2020"]
[Source "ChessBase"]
[SourceDate "2019.10.17"]
[SourceVersion "1"]
[SourceVersionDate "2019.10.17"]
[SourceQuality "1"]
[WhiteTeam "Belgrade Itaka"]
[BlackTeam "Pancevo Gligoric"]
[WhiteTeamCountry "SRB"]
[BlackTeamCountry "SRB"]

1. Nf3 Nf6 2. c4 g6 3. Nc3 d5 4. cxd5 Nxd5 5. Qc2 Bg7 6. e4 Nxc3 7. dxc3 Nc6 8. Be3 e5 9. Rd1 Qe7 10. b4 Bd7 11. Bc4 b6 12. Bb5 Nb8 13. Bxd7+ Nxd7 14. Qa4 h6 15. 0-0 Qe6 16. Rd3 Ke7 17. Rfd1 Rhd8 18. b5 Ke8 19. Rd5 Bf8 20. h4 f6 21. Qc4 Qg4 22. Qxc7 Rac8 23. Qxa7 Ra8 24. Qb7 Rab8 25. Qc6 Rbc8 26. Rxd7 1-0

[Event "Belgrade ChessAmateur op 5th"]
[Site "Belgrade"]
[Date "2019.01.07"]
[Round "6"]
[White "Sarenac, David"]
[Black "Potapova, Margarita"]
[Result "1-0"]
[WhiteElo "2316"]
[BlackElo "2274"]
[PlyCount "113"]
[EventDate "2019.01.04"]
[EventType "swiss"]
[EventRounds "9"]
[EventCountry "SRB"]
[SourceTitle "CBM 188 Extra"]
[Source "ChessBase"]
[SourceDate "2019.02.26"]
[SourceVersion "1"]
[SourceVersionDate "2019.02.26"]
[SourceQuality "1"]

1. e4 c5 2. Nf3 d6 3. d4 cxd4 4. Nxd4 Nf6 5. Nc3 a6 6. Be3 e5 7. Nb3 Be6 8. h3 Be7 9. Qf3 0-0 10. 0-0-0 b5 11. g4 b4 12. Nd5 Nxd5 13. exd5 Bc8 14. Kb1 a5 15. Qg3 Bh4 16. Qg2 Bg5 17. Bd3 Bxe3 18. fxe3 Ba6 19. Be4 Nd7 20. g5 a4 21. Nd2 Nc5 22. h4 Qa5 23. h5 b3 24. cxb3 a3 25. Rh4 axb2 26. a4 Rfb8 27. Bc2 Rb4 28. Rdh1 Bb5 29. h6 g6 30. Qf2 f5 31. gxf6 Ra7 32. Bxg6 hxg6 33. h7+ Kh8 34. f7 Bd3+ 35. Kxb2 Nxa4+ 36. Kc1 Qc7+ 37. Nc4 Qxf7 38. Qxf7 Rxf7 39. Nxd6 Rc7+ 40. Kd2 Rxh4 41. Rxh4 Nb2 42. e4 g5 43. Rh5 g4 44. Rxe5 g3 45. Ne8 Rxh7 46. Rg5 Rh2+ 47. Kc3 Rf2 48. d6 Bxe4 49. d7 Rc2+ 50. Kd4 Rd2+ 51. Kxe4 Rxd7 52. Nf6 Rd8 53. Rxg3 Nd1 54. Kf5 Nf2 55. Kg6 Rd3 56. Rg5 Rh3 57. Kf7 1-0

[Event "Belgrade ChessAmateur op 5th"]
[Site "Belgrade"]
[Date "2019.01.06"]
[Round "4"]
[White "Sarenac, David"]
[Black "Hristodorescu, Daniel"]
[Result "1/2-1/2"]
[WhiteElo "2316"]
[BlackElo "2233"]
[PlyCount "53"]
[EventDate "2019.01.04"]
[EventType "swiss"]
[EventRounds "9"]
[EventCountry "SRB"]
[SourceTitle "CBM 188 Extra"]
[Source "ChessBase"]
[SourceDate "2019.02.26"]
[SourceVersion "1"]
[SourceVersionDate "2019.02.26"]
[SourceQuality "1"]

1. e4 e5 2. Nf3 Nc6 3. Bb5 a6 4. Ba4 Nf6 5. 0-0 Be7 6. Re1 b5 7. Bb3 d6 8. c3 0-0 9. h3 Na5 10. Bc2 c5 11. d4 Nd7 12. Nbd2 exd4 13. cxd4 Nc6 14. d5 Nce5 15. a4 b4 16. Nxe5 Nxe5 17. f4 Ng6 18. Nc4 a5 19. Qh5 Ba6 20. b3 Re8 21. Bd3 Bf6 22. Ra2 Bd4+ 23. Kh2 Ra7 24. Rae2 Bc3 25. Rf1 Rae7 26. Qf3 Nh4 27. Qh5 1/2-1/2

[Event "Belgrade ChessAmateur op 5th"]
[Site "Belgrade"]
[Date "2019.01.04"]
[Round "1"]
[White "Kovacs, Zoltan2222"]
[Black "Sarenac, David"]
[Result "1/2-1/2"]
[WhiteElo "2124"]
[BlackElo "2316"]
[PlyCount "58"]
[EventDate "2019.01.04"]
[EventType "swiss"]
[EventRounds "9"]
[EventCountry "SRB"]
[SourceTitle "CBM 188 Extra"]
[Source "ChessBase"]
[SourceDate "2019.02.26"]
[SourceVersion "1"]
[SourceVersionDate "2019.02.26"]
[SourceQuality "1"]

1. Nf3 Nf6 2. g3 g6 3. Bg2 Bg7 4. 0-0 0-0 5. d4 d5 6. c4 dxc4 7. Na3 Nc6 8. Nxc4 Be6 9. b3 a5 10. Bb2 Bd5 11. Nfe5 Bxg2 12. Kxg2 Nxe5 13. Nxe5 a4 14. Qd3 Qd5+ 15. f3 Rfd8 16. Rfd1 Nd7 17. Nc4 Qb5 18. b4 Nb6 19. Nxb6 Qxb6 20. Qc4 Rd7 21. Rd3 h5 22. Rad1 Rad8 23. a3 Rd6 24. Qc2 Bxd4 25. Bxd4 Rxd4 26. Rxd4 Rxd4 27. Rxd4 Qxd4 28. Qxa4 Kg7 29. Qb5 Qb2 1/2-1/2

[Event "SRB-chT"]
[Site "Valjevo"]
[Date "2018.09.13"]
[Round "11.3"]
[White "Vratonjic, Slobodan"]
[Black "Sarenac, David"]
[Result "0-1"]
[WhiteElo "2402"]
[BlackElo "2251"]
[PlyCount "176"]
[EventDate "2018.08.31"]
[EventType "team-tourn"]
[EventRounds "11"]
[EventCountry "SRB"]
[SourceTitle "CBM 186 Extra"]
[Source "ChessBase"]
[SourceDate "2018.08.24"]
[SourceVersion "1"]
[SourceVersionDate "2018.08.24"]
[SourceQuality "1"]
[WhiteTeam "Gornji Milanovac Metalac"]
[BlackTeam "Pancevo Gligoric"]
[WhiteTeamCountry "SRB"]
[BlackTeamCountry "SRB"]

1. e4 c5 2. Nf3 d6 3. Bc4 Nf6 4. d3 Nc6 5. c3 g6 6. 0-0 Bg7 7. h3 0-0 8. Re1 e5 9. Bg5 h6 10. Bxf6 Qxf6 11. Nbd2 Rb8 12. a4 a6 13. a5 Qd8 14. Qa4 Kh7 15. Qa2 f5 16. Be6 Bxe6 17. Qxe6 Nxa5 18. d4 cxd4 19. cxd4 exd4 20. h4 Nc6 21. h5 gxh5 22. exf5 Qf6 23. Qd5 Qxf5 24. Qxd6 Rbe8 25. Qc7 Rf7 26. Qg3 Rfe7 27. Rxe7 Rxe7 28. Nh4 Qc2 29. Ndf3 Re6 30. Qh3 Rf6 31. Qd7 Qxb2 32. Re1 Qb3 33. Qe8 Qf7 34. Qe4+ Kg8 35. g3 Qd7 36. Rd1 Re6 37. Qf5 Qf7 38. Qc5 a5 39. Qb5 Rd6 40. Qb1 Nb4 41. Nf5 Rd5 42. N3xd4 Qd7 43. Nxg7 Qxg7 44. Qe4 Re5 45. Qb1 Qf6 46. Nf3 Rd5 47. Re1 Rf5 48. Nh4 Rxf2 49. Qe4 Qb6 50. Re3 Rf7 51. Ng2 Qc6 52. Qe5 Nd5 53. Rd3 Nf6 54. Ne3 Qe4 55. Qf5 Qxf5 56. Nxf5 Kh7 57. Rb3 a4 58. Ra3 Nd5 59. Nd6 Rd7 60. Nb5 Nb6 61. Re3 Nc4 62. Rc3 Ne5 63. Rc5 Nf3+ 64. Kf2 Ng5 65. Rc4 Rd2+ 66. Ke3 Rb2 67. Rc7+ Kg6 68. Rxb7 a3 69. Rb6+ Kg7 70. Ra6 Rxb5 71. Rxa3 Rb6 72. Ra7+ Kg6 73. Ra3 Rf6 74. Ke2 Kf5 75. Kf2 Re6 76. Ra4 Ne4+ 77. Kf3 Ng5+ 78. Kf2 Re5 79. Rf4+ Kg6 80. Ra4 Ne4+ 81. Kf3 Nf6 82. Rb4 Kg5 83. Ra4 Rb5 84. Rd4 Ng4 85. Ra4 Rb3+ 86. Kg2 Ne3+ 87. Kh2 Nf1+ 88. Kg2 Nxg3 0-1

[Event "SRB-chT"]
[Site "Valjevo"]
[Date "2018.09.09"]
[Round "10.5"]
[White "Sarenac, David"]
[Black "Lukovic, Vladimir"]
[Result "1-0"]
[WhiteElo "2251"]
[BlackElo "2439"]
[PlyCount "105"]
[EventDate "2018.08.31"]
[EventType "team-tourn"]
[EventRounds "11"]
[EventCountry "SRB"]
[SourceTitle "CBM 186 Extra"]
[Source "ChessBase"]
[SourceDate "2018.08.24"]
[SourceVersion "1"]
[SourceVersionDate "2018.08.24"]
[SourceQuality "1"]
[WhiteTeam "Pancevo Gligoric"]
[BlackTeam "Subotica Spartak"]
[WhiteTeamCountry "SRB"]
[BlackTeamCountry "SRB"]

1. e4 e5 2. Nf3 Nc6 3. Bb5 a6 4. Ba4 Nf6 5. 0-0 Be7 6. Re1 b5 7. Bb3 d6 8. c3 0-0 9. h3 h6 10. d4 Re8 11. Nbd2 Bf8 12. Nf1 Bb7 13. Ng3 Na5 14. Bc2 Nc4 15. a4 Nb6 16. a5 Nbd7 17. b3 exd4 18. cxd4 c5 19. d5 g6 20. Bf4 Ne5 21. Nxe5 dxe5 22. Be3 h5 23. Nf1 h4 24. Nh2 Nh5 25. Qd2 Rc8 26. Bd1 Ng7 27. Ng4 f6 28. f4 exf4 29. Bxf4 Nh5 30. Bh2 Ng3 31. Bc2 Bg7 32. Rad1 c4 33. bxc4 Rxc4 34. Bxg3 hxg3 35. d6 Kh7 36. d7 Re7 37. e5 fxe5 38. Bxg6+ Kxg6 39. Qd6+ Kf7 40. Rf1+ Rf4 41. Nxe5+ Bxe5 42. Rxf4+ Bxf4 43. Qxf4+ Kg8 44. Qg5+ Kh7 45. Qh4+ Kg7 46. Qxg3+ Kh7 47. Qh4+ Kg7 48. Qg5+ Kh7 49. Qh4+ Kg7 50. Qd4+ Kf7 51. Qb6 Rxd7 52. Qxd8 Rxd8 53. Rxd8 1-0

[Event "SRB-chT"]
[Site "Valjevo"]
[Date "2018.09.01"]
[Round "2.4"]
[White "Radovanovic, Mihajlo"]
[Black "Sarenac, David"]
[Result "1-0"]
[WhiteElo "2408"]
[BlackElo "2251"]
[PlyCount "83"]
[EventDate "2018.08.31"]
[EventType "team-tourn"]
[EventRounds "11"]
[EventCountry "SRB"]
[SourceTitle "CBM 186 Extra"]
[Source "ChessBase"]
[SourceDate "2018.08.24"]
[SourceVersion "1"]
[SourceVersionDate "2018.08.24"]
[SourceQuality "1"]
[WhiteTeam "Goracici Jelica"]
[BlackTeam "Pancevo Gligoric"]
[WhiteTeamCountry "SRB"]
[BlackTeamCountry "SRB"]

1. Nf3 d5 2. c4 e6 3. d4 c6 4. g3 Bd6 5. Bg2 f5 6. 0-0 Nf6 7. b3 Qe7 8. Nbd2 Nbd7 9. Bb2 Ne4 10. Ne1 0-0 11. Nd3 Ndf6 12. Nf3 Ng4 13. Qc1 Qc7 14. Ba3 Bd7 15. Bxd6 Qxd6 16. c5 Qe7 17. Qf4 Be8 18. Nfe5 Nxe5 19. Qxe5 Nf6 20. b4 h6 21. h3 g5 22. a4 Rd8 23. Qe3 a6 24. f4 g4 25. Ne5 gxh3 26. Bxh3 Kh7 27. Rf2 Rg8 28. Rg2 Bh5 29. b5 axb5 30. axb5 cxb5 31. Qd3 Ne4 32. Kh2 b4 33. Qb3 Ra8 34. Rxa8 Rxa8 35. Qxb4 Ra2 36. e3 Qg7 37. Qe1 Ra3 38. g4 fxg4 39. Nxg4 Bxg4 40. Bxg4 Qf6 41. Qb4 Qe7 42. Qxa3 1-0